00743nam a2200253 a 4500001001300000003000900013005001700022008004100039020002300080082001800103100001600121245003700137260003700174300001000211500003500221505001000256650001900266650002500285700001600310902000800326942000700334952013100341999001700472nice12345678IN_TiNIC20260116013243.0050524s1993 newa grp 000 0 eng  a8124690 c30000a294.5921bVAN aVannucci, M aEcological Readings in the Veda. aNew Delhi bDk Printworld c1993 a216p. aincludes index and biblioraphy2 aIndex aVedas-Hinduism aEcology and Hinduism1 aVannucci, M bSRS cBK 001040708StackRoom-aHMIbHMId2007-07-25g300.00l7o294.5921 VANp017349r2024-07-26s2024-07-02v300.00w2005-05-24yBK c10271d10271